Indian painting for the British, 1770-1880 / (Record no. 135090)

MARC details
000 -LEADER
fixed length control field 00751nam a22002537a 4500
005 - DATE AND TIME OF LATEST TRANSACTION
control field 20170124110239.0
010 ## - LIBRARY OF CONGRESS CONTROL NUMBER
LC control number 085033
020 ## - INTERNATIONAL STANDARD BOOK NUMBER
Terms of availability 00.00
035 ## - SYSTEM CONTROL NUMBER
System control number 085033
037 ## - SOURCE OF ACQUISITION
Source of stock number/acquisition Cen Lib/Ret
040 ## - CATALOGING SOURCE
Original cataloging agency DPL
Language of cataloging EN
082 ## - DEWEY DECIMAL CLASSIFICATION NUMBER
Classification number 759.954
Item number MIL
100 ## - MAIN ENTRY--PERSONAL NAME
Personal name Mildred
9 (RLIN) 94335
245 ## - TITLE STATEMENT
Title Indian painting for the British, 1770-1880 /
Statement of responsibility, etc by Mildred [and] W.G. Archer
246 ## - VARYING FORM OF TITLE
Remainder of title
260 ## - PUBLICATION, DISTRIBUTION, ETC. (IMPRINT)
Place of publication, distribution, etc London
Name of publisher, distributor, etc Oxford University Press
Date of publication, distribution, etc 1955
270 ## - ADDRESS
City London
Address Amen house
300 ## - PHYSICAL DESCRIPTION
Extent xiv, 145p. :
Dimensions 25cm(Hb)
Other physical details ill.
Accompanying material maps
500 ## - GENERAL NOTE
General note Includes index
650 ## - SUBJECT ADDED ENTRY--TOPICAL TERM
Topical term or geographic name as entry element Arts and paintings -- History -- India
9 (RLIN) 94336
650 ## - SUBJECT ADDED ENTRY--TOPICAL TERM
Topical term or geographic name as entry element Indian arts
9 (RLIN) 94337
700 ## - ADDED ENTRY--PERSONAL NAME
Personal name Archer, W.G.
9 (RLIN) 42084
942 ## - ADDED ENTRY ELEMENTS (KOHA)
Source of classification or shelving scheme Dewey Decimal Classification
Koha item type English Books
Classification part 759.954
Call number suffix MIL
Holdings
Withdrawn status Lost status Damaged status Not for loan Collection code Home library Current library Date acquired Source of acquisition Cost, normal purchase price Total Checkouts Full call number Barcode Date last seen Copy number Cost, replacement price Price effective from Koha item type
      Not For Loan Reference Central Library Central Library 30/09/2015 Cen Lib/Ret 0.00   759.954 MIL 085033 30/09/2015 1 0.00 15/09/2016 English Books

© Delhi Public Library
Hit Counter
free hit counter